01108nam a2200217 a 450000100100000000500170001000800410002704000250006808200150009324501840010826000640029230000360035650000340039270000280042670000280045470000310048295201280051395201130064195201190075499900170087300004454520201002045442.0140714s201u dr ac 000 0 spa d aDO-SdBNPbspacBNPHU axxxxbxxxx00aUn siglo de historia :bCentral Romana Corporatión, 1912-2012 /cedición ; Ana Blanco ; traducción al inglés Paula Vega, Mónica Vega ; fotografía ; Eladio Fernández. a[Santo Domingo] :bCentral Romana Corporatión,c[201-? ]. a191 p. :bil., retrs. ;c24 cm. aTexto en español e inglés12aBlanco, Anaeed.97255612aVega, Paulaetr.91775412aVega, Mónicaetr.915777 001054708DSaGRbGRcHDd2014-12-16iLF1l0oxxxx xxxxp44545-30r2020-06-25te. 3w2020-06-25yLFDSZPréstamo en sala 0010718PDaPDbPDcHDd2014-07-14iLF1l0oxxxx xxxxp44545-10r2020-06-25w2020-06-25yLFPDZNo se presta 0010718PDaPDbPDcHDd2014-07-14iLF1l0oxxxx xxxxp44545-20r2020-06-25te. 2w2020-06-25yLFPDZNo se presta c44034d44034